| 000 | 00848nam a22001577a 4500 | ||
|---|---|---|---|
| 003 | OSt | ||
| 005 | 20150917155807.0 | ||
| 008 | 150917b xxu||||| |||| 00| 0 eng d | ||
| 040 | _cRUA | ||
| 082 | _aAGR YON 2005 B032 Or.1 | ||
| 100 |
_9697 _aYONG YENG |
||
| 245 | _aThe study on potential for agroforestry system development in flooded area in areiyksat commune,lvea em district, kandal province,(សិក្សាសក្ដានុពលដើម្បីអភិវឌ្ឍន៍ប្រព័ន្ធកសិរុក្ខកម្មនៅតំបន់ងាយរងគ្រោះដោយទឹកជំនន់ក្នុងឃុំអរិយក្សត្យ ស្រុកល្វាឯម ខេត្តកណ្ដាល) | ||
| 260 |
_aphnom penh _bRUA _c2005 |
||
| 300 |
_aix,47p. _cill. _g29cm. |
||
| 942 |
_2ddc _cAGR |
||
| 999 |
_c671 _d671 |
||